|
|
|
|
| LEADER |
00000nam0a2200000 4500 |
| 001 |
99507 |
| 005 |
20231101214244.0 |
| 010 |
|
|
|a 5948793931
|
| 035 |
|
|
|a (RuTPU)RU\TPU\book\106796
|
| 090 |
|
|
|a 99507
|
| 100 |
|
|
|a 20060706d2006 m y0rusy50 ca
|
| 101 |
0 |
|
|a rus
|
| 102 |
|
|
|a RU
|
| 105 |
|
|
|a y j 001zb
|
| 200 |
1 |
|
|a Экономическая теория
|e учебник для вузов
|f Московский Государственный технический университет им. Н. Э. Баумана; под ред. В. Д. Камаева, Е. Н. Лобачевой
|
| 210 |
|
|
|a Москва
|c Юрайт-Издат
|d 2006
|
| 215 |
|
|
|a 557 с.
|
| 225 |
1 |
|
|a Университеты России
|
| 320 |
|
|
|a Библиография в конце глав.
|
| 451 |
|
1 |
|0 (RuTPU)RU\TPU\book\146658
|y 5-691-01193-6
|t Экономическая теория
|o учебник
|f под ред. В. Д. Камаева
|e 12-е изд., перераб. и доп.
|c Москва
|n Владос
|d 2006
|p 591 с.
|
| 600 |
|
1 |
|a Чаянов
|g Александр Васильевич
|b А. В.
|f 1888-1937
|c российский экономист-аграрник
|c литератор
|2 stltpui
|3 (RuTPU)RU\TPU\pers\1604
|
| 600 |
|
1 |
|a Кондратьев
|g Николай Дмитриевич
|b Н. Д.
|c российский экономист
|f 1892-1938
|2 stltpui
|3 (RuTPU)RU\TPU\pers\934
|
| 606 |
|
|
|a Экономическая теория
|2 stltpush
|3 (RuTPU)RU\TPU\subj\26589
|9 50481
|
| 610 |
1 |
|
|a экономика
|
| 610 |
1 |
|
|a экономический выбор
|
| 610 |
1 |
|
|a экономические ресурсы
|
| 610 |
1 |
|
|a экономические агенты
|
| 610 |
1 |
|
|a собственность
|
| 610 |
1 |
|
|a рыночная экономика
|
| 610 |
1 |
|
|a микроэкономика
|
| 610 |
1 |
|
|a спрос
|
| 610 |
1 |
|
|a предложение
|
| 610 |
1 |
|
|a рыночное равновесие
|
| 610 |
1 |
|
|a факторы производства
|
| 610 |
1 |
|
|a потребительское поведение
|
| 610 |
1 |
|
|a предприятия
|
| 610 |
1 |
|
|a производство
|
| 610 |
1 |
|
|a конкуренция
|
| 610 |
1 |
|
|a монополия
|
| 610 |
1 |
|
|a прибыль
|
| 610 |
1 |
|
|a доходы
|
| 610 |
1 |
|
|a макроэкономика
|
| 610 |
1 |
|
|a макроэкономическое равновесие
|
| 610 |
1 |
|
|a цикличность
|
| 610 |
1 |
|
|a национальное богатство
|
| 610 |
1 |
|
|a национальное хозяйство
|
| 610 |
1 |
|
|a потребление
|
| 610 |
1 |
|
|a накопление
|
| 610 |
1 |
|
|a государство
|
| 610 |
1 |
|
|a государственное регулирование
|
| 610 |
1 |
|
|a финансовая система
|
| 610 |
1 |
|
|a фискальная политика
|
| 610 |
1 |
|
|a социальная политика
|
| 610 |
1 |
|
|a новая экономика
|
| 610 |
1 |
|
|a глобализация
|
| 610 |
1 |
|
|a глобальная экономика
|
| 610 |
1 |
|
|a экономическая история
|
| 610 |
1 |
|
|a экономическая мысль
|
| 610 |
1 |
|
|a экономические школы
|
| 610 |
1 |
|
|a учебники
|
| 686 |
|
|
|a У011я73
|v LBC/SL-A
|2 rubbk
|
| 702 |
|
1 |
|a Камаев
|b В. Д.
|g Владимир Дорофеевич
|4 340
|
| 702 |
|
1 |
|a Лобачева
|b Е. Н.
|4 340
|
| 712 |
0 |
2 |
|a Московский Государственный технический университет им. Н. Э. Баумана
|2 stltpush
|3 (RuTPU)RU\TPU\col\1562
|
| 801 |
|
1 |
|a RU
|b 63413507
|c 20060706
|g PSBO
|
| 801 |
|
2 |
|a RU
|b 63413507
|c 20220930
|g PSBO
|
| 900 |
|
|
|a Экономическая теория
|
| 900 |
|
|
|a Экономика
|
| 942 |
|
|
|c BK
|
| 951 |
|
|
|b 080100
|
| 959 |
|
|
|a 60/20060705
|d 2
|e 159,00
|f ЧЗГЛ:1
|f АНЛ:1
|
| 959 |
|
|
|a 50/20070829
|d 3
|e 195,00
|f АНЛ:3
|